Ingeniería sanitaria : tratamiento, evacuación y reutilización de aguas residuales /
Guardado en:
| Autor Corporativo: | |
|---|---|
| Otros Autores: | |
| Formato: | Libro |
| Idioma: | Spanish English |
| Publicado: |
Barcelona :
Labor,
1985.
|
| Edición: | 2a ed. |
| Series: | Técnicas básicas de ingeniería
|
| Materias: | |
| Etiquetas: |
Agregar Etiqueta
Sin Etiquetas, Sea el primero en etiquetar este registro!
|
| LEADER | 01131nam a22002775a 4500 | ||
|---|---|---|---|
| 001 | EIQ.libpla002827 | ||
| 008 | 070829s1985####sp#ao####b####001#0#spa#d | ||
| 005 | 20070829194105.0 | ||
| 245 | 1 | 0 | |a Ingeniería sanitaria : |b tratamiento, evacuación y reutilización de aguas residuales / |c Metcalf & Eddy, Inc ; revisada por George Tchobanoglous. |
| 250 | |a 2a ed. | ||
| 260 | |a Barcelona : |b Labor, |c 1985. | ||
| 300 | |a xxi, 969 p. : |b il., fotos ; |c 24 cm. | ||
| 440 | 0 | |a Técnicas básicas de ingeniería | |
| 500 | |a Título original: Wastewater Engineering: treatment, disposal, reuse. | ||
| 500 | |a Traductor: Juan de Dios Trillo Montsoria. | ||
| 504 | |a Incluye referencias bibliográficas e índice. | ||
| 020 | |a 8433564218 | ||
| 700 | 1 | |a Tchobanoglous, George., |e rev. |4 rev | |
| 650 | 4 | |a Ingeniería sanitaria |x Aguas residuales. | |
| 650 | 4 | |a Ingeniería sanitaria |x reutilización del agua. | |
| 650 | 4 | |a Wastewater engineering |x Sewage. | |
| 650 | 4 | |a Wastewater engineering |x Water reuse. | |
| 040 | |a AR-BbSID |b spa |c AR-BbSID | ||
| 041 | 1 | |a spa |h eng | |
| 110 | 2 | |a Metcalf & Eddy. | |
| 859 | |a AR-BbSID |b BIB. PLAPIQUI |h 628.3 |i M 46 |p 3355 | ||
